Music Quiz

Random Music or Album Quiz

Can You Name The Beatles Studio Albums? Quiz Stats

 Plays Quiz not verified by Sporcle

Also try: '60s Girl Groups
Challenge
Share
Tweet
Embed
Score 0/13 Timer 02:00
0 Plays Today
% Correct
The White Album
94.7%
Let it Be
93.5%
Abbey Road
92.9%
Rubber Soul
92%
Sgt. Peppers Lonely Hearts Club Band
91.6%
Revolver
91.2%
Help!
89.8%
Magical Mystery Tour
85.9%
Please Please Me
84.9%
A Hard Day's Night
83.3%
Yellow Submarine
82.4%
With The Beatles
81.4%
Beatles for Sale
71.8%

You're not logged in!

Compare scores with friends on all Sporcle quizzes.
Join for Free
OR
Log In

You Might Also Like...

Show Comments

Extras

Top Quizzes Today


Score Distribution

Your Account Isn't Verified!

In order to create a playlist on Sporcle, you need to verify the email address you used during registration. Go to your Sporcle Settings to finish the process.

Report this User

Report this user for behavior that violates our Community Guidelines.

Details: